| 000 | 00803nas a2200253 4500 | ||
|---|---|---|---|
| 001 | BR9211860 | ||
| 003 | BR-BrBNA | ||
| 005 | 20231205093533.0 | ||
| 007 | ta | ||
| 008 | 230509b bl.|||p| |||| 00| 00por d | ||
| 040 |
_aBR-BrBNA _bpor _cBiblioteca Nacional de Agricultura |
||
| 041 | _a(Pt) | ||
| 072 | _aP33 | ||
| 100 | 1 | _aTuratti, A.L. | |
| 100 | 1 | _aReichardt, K. | |
| 245 | 1 | _aVariabilidade do armazenamento de agua em terra roxa estruturada | |
| 246 | 1 | _aSoil water storage variability "terra roxa estruturada" | |
| 650 | _aAGUA DO SOLO | ||
| 650 | _aLATOSSOLO ROXO | ||
| 650 | _aSAO PAULO | ||
| 773 | 0 |
_tRevista Brasileira de Ciencia do Solo (Brazil) _xISSN 0100-0683 _g(Sep-Dec 1991), v. 15(3) p. 253-257 _wBR9211860 |
|
| 909 |
_a202311 _bLúcia _c55 _dLúcia Elande |
||
| 942 |
_2AGRIS _n0 _cANA |
||
| 999 |
_c139057 _d139057 |
||